[Event "GRE-chT Online Rapid op 1st"]
[Site "Tornelo INT"]
[Date "2021.02.20"]
[Round "2.19"]
[White "Balaska, Eleni Sofia"]
[Black "Tepelenis, Nikolaos"]
[Result "1-0"]
[WhiteElo "1553"]
[BlackElo "2096"]
[PlyCount "77"]
[EventDate "2021.02.20"]
[EventType "team-swiss (rapid)"]
[EventRounds "9"]
[EventCountry "GRE"]
[SourceTitle "EXT 2023"]
[Source "ChessBase"]
[SourceDate "2022.10.05"]
[SourceVersion "1"]
[SourceVersionDate "2022.10.05"]
[SourceQuality "1"]

1. e4 c5 2. Nc3 Nc6 3. g3 g6 4. Bg2 Bg7 5. d3 d6 6. f4 e6 7. Nf3 Nge7 8. 0-0 0-0 9. Be3 Nd4 10. Rb1 Nec6 11. Nh4 f5 12. exf5 gxf5 13. Ne2 Qa5 14. a3 Bd7 15. Nxd4 cxd4 16. Bd2 Qc7 17. g4 Ne7 18. g5 Bc6 19. Qe2 e5 20. c4 Ng6 21. Nxg6 hxg6 22. h4 Bxg2 23. Qxg2 Qc6 24. b4 Qxg2+ 25. Kxg2 e4 26. dxe4 fxe4 27. Rbd1 Rac8 28. Rfe1 Rfe8 29. Bc1 Rxc4 30. Kg3 d5 31. h5 gxh5 32. f5 Be5+ 33. Kh4 d3 34. f6 Kf7 35. Kxh5 Rh8+ 36. Kg4 Rxc1 37. Kf5 Rxd1 38. Rxd1 Bxf6 39. gxf6 1-0

[Event "GRE-chT 43rd"]
[Site "Porto Rio"]
[Date "2015.10.08"]
[Round "2.10"]
[White "Balaska, Eleni Sofia"]
[Black "Iliopoulou, Eleni"]
[Result "0-1"]
[WhiteElo "1378"]
[BlackElo "1438"]
[PlyCount "110"]
[EventDate "2015.10.08"]
[EventType "team-swiss"]
[EventRounds "7"]
[EventCountry "GRE"]
[SourceTitle "CBM 168 Extra"]
[Source "ChessBase"]
[SourceDate "2015.10.29"]
[SourceVersion "1"]
[SourceVersionDate "2015.10.29"]
[SourceQuality "1"]
[WhiteTeam "New Filadelfeias"]
[BlackTeam "Florinas OP"]
[WhiteTeamCountry "GRE"]
[BlackTeamCountry "GRE"]

1. e4 d6 2. d4 Nf6 3. Nf3 Nxe4 4. Bd3 Nf6 5. 0-0 Bg4 6. Re1 e6 7. Bg5 Be7 8. Nbd2 0-0 9. Nf1 Nc6 10. c3 e5 11. dxe5 Nxe5 12. Be2 Bxf3 13. Bxf3 Nxf3+ 14. Qxf3 Rb8 15. Ng3 Nd5 16. Bxe7 Nxe7 17. Qe3 Nc6 18. Qd2 Re8 19. Nf5 Qf6 20. Ne3 Qg5 21. Re2 Ne5 22. Kf1 Ng4 23. Nxg4 Qxg4 24. Rae1 Rxe2 25. Rxe2 Qd7 26. Qe3 b6 27. h3 Kf8 28. Qd3 Kg8 29. Qe3 h6 30. Qd4 Re8 31. Rd2 Qe6 32. Rd1 Qe2+ 33. Kg1 Qxb2 34. Rd2 Qb1+ 35. Kh2 Qe4 36. Qxe4 Rxe4 37. Kg3 Kf8 38. f3 Re5 39. Kf2 Ke7 40. Re2 Rxe2+ 41. Kxe2 Ke6 42. Ke3 Kd5 43. Kd3 c5 44. c4+ Ke5 45. g3 d5 46. f4+ Ke6 47. g4 g6 48. a4 h5 49. gxh5 gxh5 50. h4 dxc4+ 51. Kxc4 Kf5 52. Kb5 Kxf4 53. Ka6 c4 54. Kxa7 c3 55. Kxb6 c2 0-1

[Event "GRE-chT 41st"]
[Site "Achaia"]
[Date "2013.07.06"]
[Round "6.6"]
[White "Balaska, Eleni Sofia"]
[Black "Liapi Zenebisi, Irini"]
[Result "0-1"]
[WhiteElo "1364"]
[BlackElo "1534"]
[PlyCount "76"]
[EventDate "2013.07.02"]
[EventType "team-swiss"]
[EventRounds "7"]
[EventCountry "GRE"]
[SourceTitle "CBM 155 Extra"]
[Source "ChessBase"]
[SourceDate "2013.08.26"]
[SourceVersion "1"]
[SourceVersionDate "2013.08.26"]
[SourceQuality "1"]
[WhiteTeam "Filadelfia CN"]
[BlackTeam "Egaleo CN"]
[WhiteTeamCountry "GRE"]
[BlackTeamCountry "GRE"]

1. e4 c5 2. Nc3 Nc6 3. g3 g6 4. Bg2 Bg7 5. f4 d6 6. Nf3 Nh6 7. d3 0-0 8. 0-0 f5 9. h3 Qd7 10. Rb1 Rb8 11. Be3 b6 12. Ne2 e6 13. a3 a5 14. Ng5 Nf7 15. c3 Nxg5 16. fxg5 fxe4 17. Rxf8+ Kxf8 18. Bxe4 d5 19. Bg2 Qd6 20. Nf4 d4 21. Bd2 Kg8 22. c4 e5 23. Nd5 Ne7 24. Qf3 Bb7 25. Nxe7+ Qxe7 26. Qf2 Rf8 27. Qe2 Bxg2 28. Kxg2 Qb7+ 29. Kg1 b5 30. Bxa5 bxc4 31. dxc4 Ra8 32. Qd2 Qb3 33. Kg2 Qxc4 34. b4 Qb5 35. Rb2 c4 36. Qe2 Qb7+ 37. Kf2 d3 38. Qe3 Rxa5 0-1

[Event "Attica-ch U16 Girls"]
[Site "Peristeri"]
[Date "2012.04.19"]
[Round "4"]
[White "Balaska, Eleni Sofia"]
[Black "Androni, Dimitra Alexandra"]
[Result "0-1"]
[WhiteElo "1343"]
[BlackElo "1500"]
[PlyCount "154"]
[EventDate "2012.04.17"]
[EventType "tourn"]
[EventRounds "7"]
[EventCountry "GRE"]
[SourceTitle "EXT 2024"]
[Source "ChessBase"]
[SourceDate "2023.10.10"]
[SourceVersion "1"]
[SourceVersionDate "2023.10.10"]
[SourceQuality "1"]

1. e4 Nc6 2. d4 d5 3. exd5 Qxd5 4. Nf3 Bg4 5. Nc3 Qa5 6. h3 Bxf3 7. Qxf3 0-0-0 8. Qxf7 Nxd4 9. Bd3 Nf6 10. Be3 e5 11. 0-0-0 a6 12. Bxd4 exd4 13. Ne4 Nd7 14. Rhe1 g6 15. a3 Kb8 16. Kb1 Bh6 17. Nf6 Ne5 18. Rxe5 Qxe5 19. Nd7+ Rxd7 20. Qxd7 Qf6 21. Be4 Bg7 22. Bf3 d3 23. c3 Rd8 24. Qg4 d2 25. Qe4 Qb6 26. Qc2 Qxf2 27. Qe4 Qb6 28. Qe7 Bf6 29. Qb4 Qxb4 30. axb4 Bg5 31. Kc2 Re8 32. b3 c6 33. Ra1 Re1 34. Rd1 Kc7 35. Kd3 Kd6 36. Kd4 b5 37. c4 Be3+ 38. Kd3 c5 39. bxc5+ Kxc5 40. cxb5 axb5 41. Kc3 Bg5 42. b4+ Kd6 43. Kd4 Be3+ 44. Kd3 Ke5 45. Kc3 Bh6 46. Kc2 Kd4 47. Rb1 Rc1+ 48. Kb2 Rxb1+ 49. Kxb1 Kc3 50. Bd1 Bf8 51. Be2 Bxb4 52. Bf3 Ba3 53. Be2 b4 54. Bf3 Kd3 55. Bd1 b3 56. g4 Ke3 57. h4 Kf2 58. Bxb3 Ke1 59. Ka2 Be7 60. h5 d1Q 61. Bxd1 Kxd1 62. Kb3 Ke2 63. Kc3 Kf3 64. hxg6 hxg6 65. Kd3 Kxg4 66. Ke3 Bc5+ 67. Ke4 g5 68. Kd3 Kf3 69. Kd2 g4 70. Ke1 g3 71. Kd2 g2 72. Kd3 g1Q 73. Kd2 Qe3+ 74. Kd1 Bb4 75. Kc2 Qc3+ 76. Kb1 Qb3+ 77. Ka1 Bc3# 0-1

[Event "Attica-ch U16 Girls"]
[Site "Peristeri"]
[Date "2012.04.18"]
[Round "2"]
[White "Balaska, Eleni Sofia"]
[Black "Tsoukaraki, Athina"]
[Result "1/2-1/2"]
[WhiteElo "1343"]
[BlackElo "1467"]
[PlyCount "109"]
[EventDate "2012.04.17"]
[EventType "tourn"]
[EventRounds "7"]
[EventCountry "GRE"]
[SourceTitle "EXT 2024"]
[Source "ChessBase"]
[SourceDate "2023.10.10"]
[SourceVersion "1"]
[SourceVersionDate "2023.10.10"]
[SourceQuality "1"]

1. e4 e5 2. Nf3 Nc6 3. Bc4 Nf6 4. d3 Bc5 5. c3 d6 6. 0-0 Bg4 7. Nbd2 0-0 8. Re1 a6 9. Bb3 Qe7 10. Nf1 Rad8 11. h3 Bh5 12. Ng3 Bg6 13. Nh4 Kh8 14. Nhf5 Qd7 15. Bc2 Ne7 16. d4 Bxf5 17. Nxf5 Nxf5 18. dxc5 Ne7 19. cxd6 Qxd6 20. Qxd6 Rxd6 21. Bg5 h6 22. Bxf6 Rxf6 23. Rad1 Rd6 24. Bb3 f6 25. Rxd6 cxd6 26. Rd1 Rd8 27. f3 g5 28. Kf2 Kg7 29. Kg3 Kg6 30. h4 f5 31. hxg5 f4+ 32. Kf2 hxg5 33. g4 Kg7 34. Ke2 Ng6 35. c4 Kf6 36. c5 Ke7 37. Bd5 dxc5 38. Bxb7 Rxd1 39. Kxd1 a5 40. Kd2 Nh4 41. Ke2 Kd6 42. Bd5 Kc7 43. a4 Ng2 44. Kd3 Ne3 45. b3 Kd6 46. Bb7 Kc7 47. Bd5 Ng2 48. Kd2 Nh4 49. Ke2 Ng6 50. Kd3 Nf8 51. Kc4 Kb6 52. Kd3 Nd7 53. Kc3 Nb8 54. Kc4 Na6 55. Kd3 1/2-1/2